00995nam a2200217 a 450000100100000000500170001000800410002702000150006804000250008310000390010824501580014725000110030526000530031630000370036950000630040650400320046970000430050195201050054495201110064999900170076000003924620201002031548.0130617s2005 dr ac 000 0 spa d a9993474148 aDO-SdBNPbspacBNPHU1 aPeguero de Aza, Maximiliano91582310aQuinientos años de historia de los pueblos del Este :borígen y evolución /cMaximiliano Peguero de Aza ; prólogo Ángel E. Martínez Santiago. a2a ed. aSanto Domingo :bImpresora Soto Castillo,c2005. a323 p. :bils., retrs. ;c22 cm. aIncluye datos biográficos del autor en la contracubierta aBibliografía : p. 321-3231 aMartínez Santiago, Ángel E.965453 0010718PDaPDbPDcCTd2013-06-17iLF1l0o p39246-10r2020-06-25w2020-06-25yLFPDZNo se presta 0010718PDaPDbPDcCTd2013-06-17iLF1l0o p39246-20r2020-06-25te. 2w2020-06-25yLFPDZNo se presta c38736d38736